Cartoon Characters #1 - Statistics

General Stats
  • This quiz has been taken 10 times
  • The average score is 29 of 41
Answer Stats
Hint Answer % Correct
“Youuu're deththpicable!” Anthropomorphic bird of a Rival company of previous (And very hard to quote via text from his way of words) Daffy Duck
100%
A much more known Character, who arguablytook the previous characters spot in stardom from sound in Films making them a success and
maybe the biggest Star to date in Cartoons
Mickey Mouse
100%
Deer whose Mother was shot in 1942 (Why was Disney so dark?) Bambi
89%
Sailor Suited "Aw, Phooey!" Anthropomorphic bird Donald Duck
89%
Warner Bros Brown Mouse (Defensive of the Duo and always wins) Jerry
89%
Love interest of Above, and also first appeared ina silent film with Above Minnie Mouse
89%
Lives up to the name of the Film (The Lion King) Mufasa
89%
Big armed, healthy eating, speech impediment Sailor Popeye the Sailor
89%
Heir of above, and Main Character of the film Simba
89%
Two Words: Meep Meep! The Road Runner
89%
Warner Bros Brown & White Cat (Offensive of the Duo yet always fails) Tom
89%
Physics never work with him, Loves ACME, and foe of above Wile E Coyote
89%
Honey-loving Bear all Stuffed with Fluff Winnie the Pooh
89%
Possibly the second most recognized Cartoon Character in general Behind #2 but the most known Lines in all of Cartoons,
Cause Ain't he a Stinker?
Bugs Bunny
78%
Best friend (owner) of above Christopher Robins
78%
Close friend of #3, and potential lover of above Daisy Duck
78%
Who was Disney's star before their current? Oswald the Lucky Rabbit
78%
Wooden child whose nose grows with each lie Pinocchio
78%
Originally a one-skit character, this Swine is the faceof one of the most known Cartoon franchises Porky the Pig
78%
Ruh-roh! Scooby Doo
78%
Like, Zoinks, Who's this you're guessing? Shaggy
78%
Fastest Mouse in Mexico(Shortly Cancelled in 1999-2002, and his line is enough to say why "¡Ándale! ¡Ándale! ¡Arriba! ¡Arriba") Speedy Gonzales
78%
Bouncy tailed friend of above (think Orange and Black) Tigger the Tiger
78%
Universal's Bird "Everybody thinks I'm crazy! Yesiree, that's me, that's me! That's what I'm cracked up to be, I chop a hole in every tree! Knock on wood! So I'm crazy, so what? What can I do? So are you!" Woody Woodpecker
78%
Jazz 20's inspired Human Female, Commonly in Red, and commonly Singing (Definitely not as known as others due to her time ended in 1939, yet has returned many times,
so here's her main Quote: "Boop-oop-a-doop!")
Betty Boop
67%
Commonly goes Wabbit Hunting Elmer Fudd
67%
I say, I say, I say that he's a big rooster Foghorn Leghorn
67%
Dog-esk (not a literal dog) friend of #2 Goofy
67%
Overpowers on the "S" in words and the said "Puddy tat" of Above Sylvester J. Pussycat Sr.
67%
Shares name with a California Nat. Park, Long Red mustache, andjust a *little* Trigger Happy Yosemite Sam
67%
He's been preparing to destroy Earth all his life in the Red soilof his home (not that it matters, but my favorite in design) Marvin the Martian
56%
Chases a Cat with a white stripe painted(Note: Cancelled today for Harassment/assault, no that's not a joke) Pepé Le Pew
56%
Dog friend of #2 (Real Dog) Pluto
56%
He tawt he taw a puddy tat! Tweety Bird
56%
A Feline star of Silent Films, but started a Downfall after the Silent Film Age (Hint: Purchased by Dreamworks in 2010's) Felix the Cat
44%
Just a friendly supernatural Casper the friendly Ghost
33%
Cute (Youngest) Dot Warner
33%
Packs the Snacks (Middle) Wakko Warner
33%
(Next 3 are more modern, Siblings, and from a Show)Talkative, living up to his name (Oldest) Yakko Warner
33%
Cat from Above Penelope Pussycat
22%
Okay, not really a question, just a fun fact to answer:Who wanted the previous question character to return? (small hint: it's probably the people you'd least expect to want it) Hispanic Community
0%
No matching quizzes found
Score Distribution
Percent of People with Each Score
Percentile by Number Answered
Your Score History
You have not taken this quiz